Tilastot visalle Italian hallinnolliset alueet kartalla

Klikkaa tästä pelataksesi tätä visaa!

Yleistilastot

  • Tätä visaa on pelattu 18 kertaa
  • Keskiarvotulos 12 / 20

Vastaukset kartalla

Vastauksille on annettu kartalla punavihreä väri sen mukaan, kuinka moni on saanut sen oikein.
 

Vastaustilastot

Vastaus% Oikein
Sardinia
100%
Sisilia
100%
Toscana
92%
Calabria
69%
Liguria
69%
Lombardia
69%
Trentino-Etelä-Tiroli
69%
Emilia-Romagna
62%
Lazio
62%
Veneto
62%
Aostanlaakso
54%
Campania
54%
Friuli-Venezia Giulia
54%
Apulia
46%
Basilicata
46%
Marche
46%
Molise
46%
Piedmont
38%
Umbria
38%
Abruzzo
15%

Tulosjakauma

Persentiili vastausten määrän mukaan

Jokaisen tuloksen saaneiden osuus

Tuloshistoriasi

Et ole pelannut tätä visaa